4. Ulusal eğitim bilimleri kongresi bildirileri III: eğitim yönetimi, eğitim sosyolojisi, sanat eğitimi, araştırma yöntemleri. (Record no. 19487)
| 000 -BAŞLIK | |
|---|---|
| Sabit Uzunluktaki Kontrol Alanı | 01385nam a22003977a 4500 |
| 001 - KONTROL NUMARASI | |
| Control Dosyası | 0019530 |
| 003 - KONTROL NUMARASI KİMLİĞİ | |
| Kontrol Alanı | KOHA_MİRAKIL |
| 005 - EN SON İŞLEM TARİHİ ve ZAMANI | |
| Kontrol Alanı | 20260207002237.0 |
| 007 - FİZİKSEL TANIM SABİT ALAN - GENEL BİLGİ | |
| Sabit uzunluklu kontrol alanı | ta |
| 008 - SABİT UZUNLUKTAKİ VERİ ÖGELERİ - GENEL BİLGİ | |
| Sabit Alan | 100825b1999 tu a|||grt|||#0|||0|tur | |
| 020 ## - ISBN - ULUSLARARASI STANDART KİTAP NUMARASI | |
| Isbn | 9754928312 |
| Nitelik bilgileri | tk. 9754928320 |
| -- | (c.1) 9754928371 |
| -- | (c.2) 975492838X |
| -- | (c.3) |
| 040 ## - KATALOGLAMA KAYNAĞI | |
| Özgün Kataloglama Kurumu | TR-BiSEU |
| Kataloglama Dili | tur |
| Çeviri Kurumu | TR-BiSEU |
| Açıklama Kuralları | rda |
| 041 0# - DİL KODU | |
| Metin ya da ses kaydının dil kodu | tur |
| 044 ## - YAYINLAYAN/ÜRETEN KURULUŞUN ÜLKE KODU | |
| ISO country code | tu |
| 050 ## - SINIFLAMA ve YER NUMARASI | |
| Sınıflama Numarası | L107 |
| Yer Numarası | .U48 1999 |
| 111 2# - TOPLANTI ADI | |
| Toplantı Adı | Ulusal Eğitim Bilimleri kongresi (4. : 1999 : Eskişehir) |
| 9 (RLIN) | 40426 |
| 245 1# - ESER ADI BİLDİRİMİ | |
| Başlık | 4. Ulusal eğitim bilimleri kongresi bildirileri III: eğitim yönetimi, eğitim sosyolojisi, sanat eğitimi, araştırma yöntemleri. |
| 264 #1 - ÜRERİM, YAYIN, DAĞITIM ve TELİF BİLDİRİMİ | |
| Yayın yeri | Eskişehir : |
| Yayınlayan | Anadolu Üniversitesi |
| Yayın tarihi | 1999 |
| 300 ## - FİZİKSEL TANIMLAMA | |
| Sayfa, Cilt vb. | 4 cilt., 501 sayfa : |
| Diğer fiziki detaylar | şkl. ; |
| Boyutları | 20 cm. |
| 336 ## - İÇERİK TÜRÜ | |
| Content type term | metin |
| Content type code | txt |
| Source | rdacontent |
| 337 ## - MEDYA TÜRÜ | |
| Media type term | aracısız |
| Media type code | n |
| Source | rdamedia |
| 338 ## - TAŞIYICI TÜRÜ | |
| Carrier type term | cilt |
| Carrier type code | nc |
| Source | rdacarrier |
| 490 1# - DİZİ BİLDİRİMİ | |
| Dizi Bildirimi | Anadolu Üniversitesi yayınları ; |
| Cilt Numarası | no. |
| 490 1# - DİZİ BİLDİRİMİ | |
| Dizi Bildirimi | 1076. |
| 490 1# - DİZİ BİLDİRİMİ | |
| Dizi Bildirimi | Eğitim Fakültesi yayınları ; |
| Cilt Numarası | no. |
| 490 1# - DİZİ BİLDİRİMİ | |
| Dizi Bildirimi | 51 |
| 500 ## - GENEL NOT | |
| Genel Not | Kaynakça ve dizin var. |
| 650 #0 - KONU BAŞLIĞI EK GİRİŞ - KONU TERİMİ | |
| Konusal terim veya coğrafi ad | Eğitim--Türkiye--Kongreler. |
| 9 (RLIN) | 6008 |
| 650 #0 - KONU BAŞLIĞI EK GİRİŞ - KONU TERİMİ | |
| Konusal terim veya coğrafi ad | Education--Turkey--Congresses. |
| 9 (RLIN) | 6004 |
| 830 1# - SERİ EK GİRİŞİ - TEKBİÇİM ESER ADI | |
| Tekbiçim Başlık | Anadolu Üniversitesi yayınları ; |
| Volume number/sequential designation | no. |
| 9 (RLIN) | 7107 |
| 830 1# - SERİ EK GİRİŞİ - TEKBİÇİM ESER ADI | |
| Tekbiçim Başlık | 1076. |
| 9 (RLIN) | 40427 |
| 830 1# - SERİ EK GİRİŞİ - TEKBİÇİM ESER ADI | |
| Tekbiçim Başlık | Eğitim Fakültesi yayınları ; |
| Volume number/sequential designation | no. |
| 9 (RLIN) | 15887 |
| 830 1# - SERİ EK GİRİŞİ - TEKBİÇİM ESER ADI | |
| Tekbiçim Başlık | 51 |
| 9 (RLIN) | 7924 |
| 907 ## - LOCAL DATA ELEMENT G, LDG (RLIN) | |
| a | Bildiri |
| 942 ## - EK GİRİŞ ÖGELERİ (KOHA) | |
| Source of classification or shelving scheme | Library of Congress Classification |
| Koha item type | Book |
| Materyal Türü | Kalıcı Konum | Mevcut Konum | Sınıflandırma Kaynağı | Edinim Bilgisi | Ana Konular | Alt Konular | Yer Numarası | Cilt Bilgisi | Demirbaş Numarası | Fatura Tarihi | Geri Çekilme Durumu | Kayıp Durumu | Hasarlı Durumu | Kredi için değil | Kayıt Tarih | Toplam Ödünçverme | Son Görülme Tarihi | Son Kontrol Tarihi | Genel / Bağış Notu |
|---|---|---|---|---|---|---|---|---|---|---|---|---|---|---|---|---|---|---|---|
| Book | BŞEÜ Gölpazarı MYO Kütüphanesi | BŞEÜ Gölpazarı MYO Kütüphanesi | Library of Congress Classification | Bağış | EĞİTİM | Eğitim (Genel) | L107 .U48 1999 | c.3 | 0019530 | 02/02/2026 | 13/07/2010 | 05/12/2024 | 05/12/2024 | Genel Bağış | |||||
| Book | BŞEÜ Pazaryeri MYO Kütüphanesi | BŞEÜ Pazaryeri MYO Kütüphanesi | Library of Congress Classification | Bağış | EĞİTİM | Eğitim (Genel) | L107 .U48 1999 | 0022249 | 02/02/2026 | Düşüldü | Kayıp | 25/08/2010 | 05/12/2024 | 05/12/2024 | Genel Bağış |
